ნორმალური ფორმატი
MARC ფორმატი
ჩანაწერი Personal Name
ჩანაწერთა რაოდენობა, რომელიც გამოყენებულია: 4
001 - CONTROL NUMBER
- control field: 17946
003 - CONTROL NUMBER IDENTIFIER
- control field: GE_BSU
005 - DATE AND TIME OF LATEST TRANSACTION
- control field: 20230504110616.0
008 - FIXED-LENGTH DATA ELEMENTS
- fixed length control field: 230504|| aca||aabn | a|a d
040 ## - CATALOGING SOURCE
- Original cataloging agency: GE_BSU
- Transcribing agency: GE_BSU
100 ## - HEADING--PERSONAL NAME
- Personal name: სადრაძე, ვაჟა
670 ## - SOURCE DATA FOUND
- Source citation: Work cat.: (GE_BSU): სადრაძე, ვაჟა, გურია: მხარის კვლევა - ძიების შედეგები N 3 დამატება = ვაშნარი "სპონიეთი" - "გურიანი" /
